Los Timplaos (Record no. 173987)

MARC details
000 -LEADER
campo de control de longitud fija 01087nam a2200217 4500
001 - NÚMERO DE CONTROL
campo de control 173987
003 - IDENTIFICADOR DE NÚMERO DE CONTROL
campo de control ES-MaACL
005 - FECHA Y HORA DE LA ÚLTIMA TRANSACCIÓN
campo de control 20230908192504.0
008 - DATOS DE LONGITUD FIJA--INFORMACIÓN GENERAL
campo de control de longitud fija 100204s1901 sp |||| | spa d
100 1# - ENTRADA PRINCIPAL--NOMBRE DE PERSONA
Nombre de persona Blasco, Eusebio,
Fechas asociadas al nombre 1844-1903
9 (RLIN) 126018
245 14 - MENCIÓN DEL TÍTULO
Título Los Timplaos
Resto del título : zarzuela en un acto, dividido en cuatro cuadros original, en prosa y verso /
Mención de responsabilidad, etc. de Eusebio Blasco [y Soler] y Carlos Fernández Shaw ; música del maestro Gerónimo Giménez.
260 ## - PUBLICACIÓN, DISTRIBUCIÓN, ETC.
Lugar de publicación, distribución, etc. Madrid :
Nombre del editor, distribuidor, etc. Sociedad de Autores Españoles,
Fecha de publicación, distribución, etc. 1901 (
Fabricante R. Velasco, impr.)
300 ## - DESCRIPCIÓN FÍSICA
Extensión 45 p. ;
Dimensiones 20 cm.
594 ## - Nota al título y mención de responsabilidad
Nota al título y mención de responsabilidad En port.: Estrenada en el teatro de la Zarzuela la noche del 29 de noviembre de 1901.
594 ## - Nota al título y mención de responsabilidad
Nota al título y mención de responsabilidad Sólo la letra.
700 1# - ENTRADA AGREGADA--NOMBRE PERSONAL
Nombre de persona Fernández-Shaw, Carlos,
Fechas asociadas al nombre 1865-1911
9 (RLIN) 50098
700 1# - ENTRADA AGREGADA--NOMBRE PERSONAL
Nombre de persona Giménez, Jerónimo.
9 (RLIN) 57024
852 ## - LOCALIZACIÓN
Ubicación ES-MaACL
Número de control de estantería F-8638(6)
Nota libre . - Enc. pasta española
-- . - Enc. en un vol. facticio; formando parte de la col. facticia "Teatro español moderno", v. 93
856 ## - LOCALIZACIÓN Y ACCESO ELECTRÓNICOS
Identificador Uniforme de Recursos <a href="http://www.archive.org/details/lostimplaoszarzu00gim ">http://www.archive.org/details/lostimplaoszarzu00gim </a>
Nota pública Ir a la página
Holdings
Estatus retirado Estado de pérdida Estado de daño No para préstamo Colección Biblioteca de origen Biblioteca actual Ubicación en estantería Fecha de adquisición Fuente de adquisición Total de préstamos Signatura topográfica completa Código de barras Visto por última vez Precio de reemplazo Tipo de ítem Koha
        Colección digital Biblioteca del Ateneo de Madrid Biblioteca del Ateneo de Madrid Sala Pecera Planta 2 04/02/2010     F-8638(6) 1182634 23/02/2023 23/02/2023 Libro impreso antiguo